00415nam a2200145Ia 4500008004100000020001500041050002200056245004500078260004200123300001900165500002000184650001700204980003300221999001500254151021s9999 xx 000 0 und d a7817651196 aQR 181 .F84 2008  a_Fundamental Immunology William E. Paul  aNew York : Lippincott Williams, 2008  axviii,1553 p.  aIncludes index  a_Immunology  a^d20110712 02:06:52^okilerai c7879d7879